Sinar di balik kabus

Bibliographic Details
Format: Book
Published: Kuala Lumpur : Creative Enterprise , 1992
Subjects:

MARC

LEADER 00000cam a2200000 7i4500
001 0000003568
002 000003839
005 20000330.0
020 |a 9838930172 
090 0 0 |a F   |b ABD 
245 1 0 |a Sinar di balik kabus   |c Abd.Talib Hassan 
260 |a Kuala Lumpur :   |b Creative Enterprise ,   |c 1992 
300 |a 143p. ;   |c 17cm. 
650 0 0 |a Malay fiction 
999 |a 031800   |b BUKU   |c YOUTH FICTION   |e PERPUSTAKAAN KOMUNITI PETALING JAYA 
999 |a 031801   |b BUKU   |c PINJAMAN   |e PERPUSTAKAAN KOMUNITI PETALING JAYA 
999 |a 031802   |b BUKU   |c YOUTH FICTION   |e PERPUSTAKAAN KOMUNITI PETALING JAYA 
999 |a 044851   |b BUKU   |c PINJAMAN   |e PERPUSTAKAAN KOMUNITI CAW KOTA DAMANSARA